[Event "DEM U12 2025"]
[Site "Willingen GER"]
[Date "2025.06.08"]
[Round "1"]
[White "Obermair, Hannes"]
[Black "Meitzner, Jonathan Franz"]
[Result "0-1"]
[Termination "normal"]
[Board "20"]
[WhiteElo "1663"]
[BlackElo "1766"]
[WhiteClock "00:07:56"]
[BlackClock "00:09:06"]
[PlyCount "166"]
[WhiteFideId "34640509"]
[BlackFideId "34616110"]
[EventCountry "GER"]
[EventRounds "9"]
[EventType "swiss"]
[EventDate "2025.06.07"]

1. c4 {[%clk 01:30:58]} {[%emt 00:00:01]} e5 {[%clk 01:30:54]} {[%emt
00:00:07]} 2. g3 {[%clk 01:31:23]} {[%emt 00:00:05]} Nc6 {[%clk 01:31:16]}
{[%emt 00:00:08]} 3. Bg2 {[%clk 01:31:46]} {[%emt 00:00:06]} g6 {[%clk
01:31:34]} {[%emt 00:00:13]} 4. Nc3 {[%clk 01:32:08]} {[%emt 00:00:08]} Bg7
{[%clk 01:31:58]} {[%emt 00:00:05]} 5. e3 {[%clk 01:32:09]} {[%emt 00:00:29]}
d6 {[%clk 01:32:01]} {[%emt 00:00:28]} 6. Nge2 {[%clk 01:31:36]} {[%emt
00:01:03]} Be6 {[%clk 01:32:09]} {[%emt 00:00:21]} 7. b3 {[%clk 01:30:45]}
{[%emt 00:01:21]} Qd7 {[%clk 01:30:17]} {[%emt 00:02:22]} 8. d4 {[%clk
01:26:39]} {[%emt 00:04:35]} Nd8 {[%clk 01:29:02]} {[%emt 00:01:46]} 9. Ba3
{[%clk 01:20:53]} {[%emt 00:06:16]} Bh3 {[%clk 01:20:56]} {[%emt 00:08:36]} 10.
Bxh3 {[%clk 01:02:24]} {[%emt 00:19:00]} Qxh3 {[%clk 01:21:18]} {[%emt
00:00:08]} 11. Qd3 {[%clk 01:01:50]} {[%emt 00:01:01]} Ne6 {[%clk 01:02:15]}
{[%emt 00:19:35]} 12. O-O-O {[%clk 00:57:04]} {[%emt 00:05:16]} O-O-O {[%clk
00:57:54]} {[%emt 00:04:51]} 13. f4 {[%clk 00:47:24]} {[%emt 00:10:08]} Nh6
{[%clk 00:49:57]} {[%emt 00:08:30]} 14. fxe5 {[%clk 00:39:32]} {[%emt
00:08:21]} dxe5 {[%clk 00:44:28]} {[%emt 00:05:58]} 15. d5 {[%clk 00:37:13]}
{[%emt 00:02:50]} Ng4 {[%clk 00:41:32]} {[%emt 00:03:26]} 16. Rdf1 {[%clk
00:31:09]} {[%emt 00:06:33]} f5 {[%clk 00:34:21]} {[%emt 00:07:43]} 17. e4
{[%clk 00:24:30]} {[%emt 00:07:05]} Bh6+ {[%clk 00:27:42]} {[%emt 00:07:12]}
18. Kb1 {[%clk 00:24:23]} {[%emt 00:00:36]} Ne3 {[%clk 00:26:07]} {[%emt
00:02:05]} 19. Rf2 {[%clk 00:22:43]} {[%emt 00:02:10]} Ng4 {[%clk 00:20:05]}
{[%emt 00:06:31]} 20. Rff1 {[%clk 00:22:42]} {[%emt 00:00:31]} f4 {[%clk
00:18:24]} {[%emt 00:02:12]} 21. Ng1 {[%clk 00:16:29]} {[%emt 00:06:40]} Qg2
{[%clk 00:15:38]} {[%emt 00:03:19]} 22. Qf3 {[%clk 00:15:30]} {[%emt 00:01:28]}
Qxf3 {[%clk 00:15:01]} {[%emt 00:01:08]} 23. Nxf3 {[%clk 00:15:33]} {[%emt
00:00:27]} Nd4 {[%clk 00:11:18]} {[%emt 00:04:14]} 24. Nxd4 {[%clk 00:13:07]}
{[%emt 00:02:56]} exd4 {[%clk 00:11:40]} {[%emt 00:00:08]} 25. Ne2 {[%clk
00:12:39]} {[%emt 00:00:57]} fxg3 {[%clk 00:08:05]} {[%emt 00:04:05]} 26. hxg3
{[%clk 00:11:05]} {[%emt 00:02:04]} d3 {[%clk 00:06:14]} {[%emt 00:02:21]} 27.
Nf4 {[%clk 00:10:28]} {[%emt 00:01:08]} d2 {[%clk 00:05:13]} {[%emt 00:01:30]}
28. Rf3 {[%clk 00:05:13]} {[%emt 00:05:45]} Rhe8 {[%clk 00:04:47]} {[%emt
00:00:56]} 29. Rd1 {[%clk 00:03:53]} {[%emt 00:01:49]} Rxe4 {[%clk 00:04:14]}
{[%emt 00:01:05]} 30. Rxd2 {[%clk 00:03:57]} {[%emt 00:00:27]} Bxf4 {[%clk
00:03:13]} {[%emt 00:01:29]} 31. Rxf4 {[%clk 00:03:48]} {[%emt 00:00:39]} Rxf4
{[%clk 00:03:42]} 32. gxf4 {[%clk 00:04:15]} {[%emt 00:00:03]} h5 {[%clk
00:03:56]} {[%emt 00:00:17]} 33. Be7 {[%clk 00:03:32]} {[%emt 00:01:12]} Re8
{[%clk 00:04:24]} {[%emt 00:00:02]} 34. Bg5 {[%clk 00:03:15]} {[%emt 00:00:46]}
Kd7 {[%clk 00:04:45]} {[%emt 00:00:10]} 35. Kb2 {[%clk 00:02:57]} {[%emt
00:00:47]} b6 {[%clk 00:04:44]} {[%emt 00:00:32]} 36. Rg2 {[%clk 00:02:44]}
{[%emt 00:00:40]} a6 {[%clk 00:04:53]} {[%emt 00:00:24]} 37. Kc3 {[%clk
00:01:37]} {[%emt 00:01:35]} Ne3 {[%clk 00:04:55]} {[%emt 00:00:31]} 38. Rd2
{[%clk 00:01:18]} {[%emt 00:00:47]} Nf1 {[%clk 00:04:47]} {[%emt 00:00:39]} 39.
Rf2 {[%clk 00:00:58]} {[%emt 00:00:48]} Ng3 {[%clk 00:05:08]} {[%emt 00:00:11]}
40. Kd3 {[%clk 00:00:37]} {[%emt 00:00:50]} Ne4 {[%clk 00:02:40]} {[%emt
00:02:59]} 41. Rg2 {[%clk 00:28:07]} {[%emt 00:02:59]} Nc5+ {[%clk 00:31:12]}
{[%emt 00:02:56]} 42. Kd2 {[%clk 00:25:14]} {[%emt 00:03:23]} Ne4+ {[%clk
00:29:54]} {[%emt 00:01:49]} 43. Kd3 {[%clk 00:24:04]} {[%emt 00:01:36]} Nd6
{[%clk 00:29:33]} {[%emt 00:00:55]} 44. Bf6 {[%clk 00:21:59]} {[%emt 00:02:31]}
Rg8 {[%clk 00:29:56]} {[%emt 00:00:10]} 45. Kd4 {[%clk 00:16:47]} {[%emt
00:05:40]} Nf5+ {[%clk 00:30:12]} {[%emt 00:00:17]} 46. Kd3 {[%clk 00:16:11]}
{[%emt 00:01:04]} Nh6 {[%clk 00:23:42]} {[%emt 00:07:01]} 47. Bg5 {[%clk
00:13:19]} {[%emt 00:03:22]} Ng4 {[%clk 00:23:02]} {[%emt 00:01:12]} 48. Re2
{[%clk 00:12:35]} {[%emt 00:01:11]} Re8 {[%clk 00:22:18]} {[%emt 00:01:16]} 49.
Rxe8 {[%clk 00:10:08]} {[%emt 00:02:57]} Kxe8 {[%clk 00:22:47]} 50. Bh4 {[%clk
00:09:56]} {[%emt 00:00:41]} Kd7 {[%clk 00:22:31]} {[%emt 00:00:47]} 51. Kd4
{[%clk 00:09:04]} {[%emt 00:01:16]} Kd6 {[%clk 00:22:38]} {[%emt 00:00:29]} 52.
a3 {[%clk 00:08:38]} {[%emt 00:00:56]} Nh6 {[%clk 00:18:02]} {[%emt 00:05:06]}
53. Bf2 {[%clk 00:07:18]} {[%emt 00:01:48]} Nf5+ {[%clk 00:17:56]} {[%emt
00:00:38]} 54. Ke4 {[%clk 00:06:58]} {[%emt 00:00:49]} h4 {[%clk 00:14:42]}
{[%emt 00:03:46]} 55. Bg1 {[%clk 00:04:06]} {[%emt 00:03:20]} h3 {[%clk
00:09:45]} {[%emt 00:05:27]} 56. Bh2 {[%clk 00:03:10]} {[%emt 00:01:26]} a5
{[%clk 00:08:09]} {[%emt 00:02:08]} 57. b4 {[%clk 00:02:51]} {[%emt 00:00:47]}
a4 {[%clk 00:06:47]} {[%emt 00:01:52]} 58. Kd3 {[%clk 00:02:27]} {[%emt
00:00:54]} Ke7 {[%clk 00:04:36]} {[%emt 00:02:42]} 59. Ke4 {[%clk 00:01:59]}
{[%emt 00:00:58]} Nd6+ {[%clk 00:04:37]} {[%emt 00:00:28]} 60. Kd4 {[%clk
00:01:29]} {[%emt 00:01:01]} Kd7 {[%clk 00:02:17]} {[%emt 00:02:51]} 61. b5
{[%clk 00:00:56]} {[%emt 00:01:02]} Nf5+ {[%clk 00:01:49]} {[%emt 00:00:58]}
62. Ke4 {[%clk 00:01:03]} {[%emt 00:00:22]} Kd6 {[%clk 00:02:09]} {[%emt
00:00:12]} 63. Bg1 {[%clk 00:00:41]} {[%emt 00:00:51]} Ng3+ {[%clk 00:02:37]}
{[%emt 00:00:02]} 64. Kf3 {[%clk 00:00:56]} {[%emt 00:00:14]} Nf1 {[%clk
00:02:55]} {[%emt 00:00:13]} 65. Bd4 {[%clk 00:00:36]} {[%emt 00:00:49]} Nd2+
{[%clk 00:02:34]} {[%emt 00:02:41]} 66. Kf2 {[%clk 00:00:34]} {[%emt 00:00:32]}
Nxc4 {[%clk 00:02:48]} {[%emt 00:00:16]} 67. Be5+ {[%clk 00:00:43]} {[%emt
00:00:20]} Nxe5 {[%clk 00:03:15]} {[%emt 00:00:04]} 68. fxe5+ {[%clk 00:01:11]}
Kxe5 {[%clk 00:03:34]} {[%emt 00:00:12]} 69. Kg3 {[%clk 00:01:40]} {[%emt
00:00:01]} Kxd5 {[%clk 00:03:54]} {[%emt 00:00:10]} 70. Kxh3 {[%clk 00:02:08]}
{[%emt 00:00:02]} Kc5 {[%clk 00:04:21]} {[%emt 00:00:04]} 71. Kg4 {[%clk
00:02:37]} {[%emt 00:00:01]} Kxb5 {[%clk 00:04:39]} {[%emt 00:00:12]} 72. Kg5
{[%clk 00:03:06]} c5 {[%clk 00:05:02]} {[%emt 00:00:08]} 73. Kxg6 {[%clk
00:03:31]} {[%emt 00:00:03]} c4 {[%clk 00:05:28]} {[%emt 00:00:04]} 74. Kf5
{[%clk 00:03:59]} {[%emt 00:00:03]} c3 {[%clk 00:05:51]} {[%emt 00:00:06]} 75.
Ke6 {[%clk 00:04:25]} {[%emt 00:00:04]} c2 {[%clk 00:06:17]} {[%emt 00:00:05]}
76. Ke5 {[%clk 00:04:52]} {[%emt 00:00:02]} c1=Q {[%clk 00:06:41]} {[%emt
00:00:06]} 77. Kd4 {[%clk 00:05:21]} Qc4+ {[%clk 00:06:57]} {[%emt 00:00:14]}
78. Ke3 {[%clk 00:05:49]} {[%emt 00:00:02]} Kc5 {[%clk 00:07:22]} {[%emt
00:00:05]} 79. Kf3 {[%clk 00:06:14]} {[%emt 00:00:04]} Kd5 {[%clk 00:07:47]}
{[%emt 00:00:06]} 80. Kf2 {[%clk 00:06:41]} {[%emt 00:00:03]} Ke4 {[%clk
00:08:05]} {[%emt 00:00:11]} 81. Kg2 {[%clk 00:07:07]} {[%emt 00:00:04]} Qe2+
{[%clk 00:08:29]} {[%emt 00:00:06]} 82. Kg3 {[%clk 00:07:30]} {[%emt 00:00:07]}
Qf3+ {[%clk 00:08:48]} {[%emt 00:00:12]} 83. Kh4 {[%clk 00:07:56]} {[%emt
00:00:03]} Qg2 {[%clk 00:09:06]} {[%emt 00:00:11]} 0-1

[Event "DEM U12 2025"]
[Site "Willingen GER"]
[Date "2025.06.08"]
[Round "1"]
[White "Teng, David"]
[Black "Spielmann, Jan"]
[Result "1/2-1/2"]
[Termination "normal"]
[Board "21"]
[WhiteElo "1837"]
[BlackElo "1667"]
[WhiteClock "00:16:05"]
[BlackClock "00:02:29"]
[PlyCount "91"]
[WhiteFideId "34604570"]
[BlackFideId "34680039"]
[EventCountry "GER"]
[EventRounds "9"]
[EventType "swiss"]
[EventDate "2025.06.07"]

1. e4 {[%clk 01:30:49]} {[%emt 00:00:10]} Nf6 {[%clk 01:30:55]} {[%emt
00:00:06]} 2. e5 {[%clk 01:30:54]} {[%emt 00:00:25]} Nd5 {[%clk 01:31:17]}
{[%emt 00:00:08]} 3. d4 {[%clk 01:30:48]} {[%emt 00:00:35]} d6 {[%clk
01:31:12]} {[%emt 00:00:37]} 4. c4 {[%clk 01:30:03]} {[%emt 00:01:14]} Nb6
{[%clk 01:30:28]} {[%emt 00:01:15]} 5. exd6 {[%clk 01:27:56]} {[%emt 00:02:37]}
exd6 {[%clk 01:30:46]} {[%emt 00:00:13]} 6. Nc3 {[%clk 01:28:01]} {[%emt
00:00:23]} Be7 {[%clk 01:27:46]} {[%emt 00:03:30]} 7. Nf3 {[%clk 01:26:26]}
{[%emt 00:02:05]} O-O {[%clk 01:27:19]} {[%emt 00:00:58]} 8. Bd3 {[%clk
01:25:34]} {[%emt 00:01:21]} Bg4 {[%clk 01:18:52]} {[%emt 00:08:58]} 9. O-O
{[%clk 01:20:25]} {[%emt 00:05:39]} Nc6 {[%clk 01:17:06]} {[%emt 00:02:16]} 10.
h3 {[%clk 01:15:42]} {[%emt 00:05:13]} Bxf3 {[%clk 01:16:03]} {[%emt 00:01:32]}
11. Qxf3 {[%clk 01:15:03]} {[%emt 00:01:10]} Bf6 {[%clk 01:14:45]} {[%emt
00:01:48]} 12. Be3 {[%clk 01:14:33]} {[%emt 00:00:59]} g6 {[%clk 01:04:54]}
{[%emt 00:10:22]} 13. Ne2 {[%clk 01:10:18]} {[%emt 00:04:44]} Bg7 {[%clk
00:56:34]} {[%emt 00:08:52]} 14. a3 {[%clk 01:05:20]} {[%emt 00:05:26]} a5
{[%clk 00:50:50]} {[%emt 00:06:16]} 15. Rfd1 {[%clk 01:00:47]} {[%emt
00:05:02]} Qe7 {[%clk 00:34:12]} {[%emt 00:17:07]} 16. Rac1 {[%clk 00:57:51]}
{[%emt 00:03:26]} Rfe8 {[%clk 00:27:27]} {[%emt 00:07:16]} 17. Bb1 {[%clk
00:55:17]} {[%emt 00:03:04]} Rad8 {[%clk 00:18:49]} {[%emt 00:09:08]} 18. Nf4
{[%clk 00:51:24]} {[%emt 00:04:22]} Qf6 {[%clk 00:14:19]} {[%emt 00:05:01]} 19.
Qg3 {[%clk 00:47:51]} {[%emt 00:04:03]} Ne7 {[%clk 00:13:30]} {[%emt 00:01:19]}
20. Nd5 {[%clk 00:37:51]} {[%emt 00:10:29]} Nbxd5 {[%clk 00:10:46]} {[%emt
00:03:15]} 21. cxd5 {[%clk 00:38:14]} {[%emt 00:00:07]} Nf5 {[%clk 00:08:49]}
{[%emt 00:02:26]} 22. Bxf5 {[%clk 00:35:57]} {[%emt 00:02:47]} Qxf5 {[%clk
00:09:08]} {[%emt 00:00:11]} 23. Qg5 {[%clk 00:33:50]} {[%emt 00:02:38]} Qxg5
{[%clk 00:08:34]} {[%emt 00:01:04]} 24. Bxg5 {[%clk 00:33:50]} {[%emt
00:00:29]} Rd7 {[%clk 00:08:52]} {[%emt 00:00:12]} 25. Rc4 {[%clk 00:30:10]}
{[%emt 00:04:11]} f6 {[%clk 00:08:43]} {[%emt 00:00:39]} 26. Bd2 {[%clk
00:29:39]} {[%emt 00:01:00]} b6 {[%clk 00:08:47]} {[%emt 00:00:26]} 27. Kf1
{[%clk 00:28:34]} {[%emt 00:01:36]} f5 {[%clk 00:08:44]} {[%emt 00:00:34]} 28.
Rdc1 {[%clk 00:26:54]} {[%emt 00:02:09]} Rc8 {[%clk 00:08:58]} {[%emt
00:00:17]} 29. Ke2 {[%clk 00:26:21]} {[%emt 00:01:01]} b5 {[%clk 00:08:31]}
{[%emt 00:00:58]} 30. R4c2 {[%clk 00:24:45]} {[%emt 00:02:05]} Bxd4 {[%clk
00:08:31]} {[%emt 00:00:31]} 31. Bxa5 {[%clk 00:24:53]} {[%emt 00:00:22]} Kf7
{[%clk 00:07:23]} {[%emt 00:01:38]} 32. Rxc7 {[%clk 00:22:14]} {[%emt
00:03:09]} Rcxc7 {[%clk 00:07:44]} {[%emt 00:00:09]} 33. Rxc7 {[%clk 00:22:38]}
{[%emt 00:00:05]} Rxc7 {[%clk 00:08:04]} {[%emt 00:00:10]} 34. Bxc7 {[%clk
00:22:58]} {[%emt 00:00:11]} Ke7 {[%clk 00:08:26]} {[%emt 00:00:08]} 35. b3
{[%clk 00:22:59]} {[%emt 00:00:28]} Bc5 {[%clk 00:08:20]} {[%emt 00:00:37]} 36.
a4 {[%clk 00:22:58]} {[%emt 00:00:31]} bxa4 {[%clk 00:08:30]} {[%emt 00:00:20]}
37. bxa4 {[%clk 00:23:07]} {[%emt 00:00:21]} Kf6 {[%clk 00:08:27]} {[%emt
00:00:32]} 38. f4 {[%clk 00:17:20]} {[%emt 00:06:17]} Ke7 {[%clk 00:08:36]}
{[%emt 00:00:21]} 39. a5 {[%clk 00:16:04]} {[%emt 00:01:47]} Kd7 {[%clk
00:07:40]} {[%emt 00:01:26]} 40. Bb6 {[%clk 00:16:24]} {[%emt 00:00:10]} Bxb6
{[%clk 00:00:54]} {[%emt 00:07:17]} 41. axb6 {[%clk 00:16:51]} {[%emt
00:00:02]} Kc8 {[%clk 00:01:17]} {[%emt 00:00:07]} 42. Kd3 {[%clk 00:17:14]}
{[%emt 00:00:07]} Kb7 {[%clk 00:01:44]} {[%emt 00:00:04]} 43. Kc4 {[%clk
00:17:38]} {[%emt 00:00:05]} Kxb6 {[%clk 00:02:08]} {[%emt 00:00:06]} 44. Kb4
{[%clk 00:18:05]} {[%emt 00:00:03]} Ka6 {[%clk 00:02:16]} {[%emt 00:00:22]} 45.
Ka4 {[%clk 00:15:48]} {[%emt 00:02:46]} Kb6 {[%clk 00:02:29]} {[%emt 00:00:18]}
46. Kb4 {[%clk 00:16:05]} {[%emt 00:00:12]} 1/2-1/2

[Event "DEM U12 2025"]
[Site "Willingen GER"]
[Date "2025.06.08"]
[Round "1"]
[White "Al Luwaisi, Omer"]
[Black "Hamann, Friedrich"]
[Result "0-1"]
[Termination "normal"]
[Board "22"]
[WhiteElo "1683"]
[BlackElo "1822"]
[WhiteClock "00:16:45"]
[BlackClock "00:02:25"]
[PlyCount "108"]
[WhiteFideId "34645888"]
[BlackFideId "34622829"]
[EventCountry "GER"]
[EventRounds "9"]
[EventType "swiss"]
[EventDate "2025.06.07"]

1. Nf3 {[%clk 01:30:55]} {[%emt 00:00:05]} Nf6 {[%clk 01:29:15]} {[%emt
00:01:45]} 2. g3 {[%clk 01:31:20]} {[%emt 00:00:06]} g6 {[%clk 01:28:14]}
{[%emt 00:01:30]} 3. Bg2 {[%clk 01:31:42]} {[%emt 00:00:08]} Bg7 {[%clk
01:28:00]} {[%emt 00:00:44]} 4. O-O {[%clk 01:31:51]} {[%emt 00:00:21]} O-O
{[%clk 01:26:46]} {[%emt 00:01:43]} 5. Re1 {[%clk 01:27:27]} {[%emt 00:04:52]}
d5 {[%clk 01:15:06]} {[%emt 00:12:12]} 6. d4 {[%clk 01:17:11]} {[%emt
00:10:47]} Nc6 {[%clk 01:03:12]} {[%emt 00:12:24]} 7. b3 {[%clk 01:13:31]}
{[%emt 00:04:11]} b6 {[%clk 00:57:52]} {[%emt 00:05:49]} 8. Bb2 {[%clk
01:10:34]} {[%emt 00:03:28]} Bb7 {[%clk 00:56:38]} {[%emt 00:01:44]} 9. c4
{[%clk 00:58:40]} {[%emt 00:12:24]} e6 {[%clk 00:53:45]} {[%emt 00:03:22]} 10.
Nc3 {[%clk 00:55:59]} {[%emt 00:03:11]} Qe7 {[%clk 00:45:37]} {[%emt 00:08:36]}
11. e3 {[%clk 00:36:30]} {[%emt 00:20:01]} Rfe8 {[%clk 00:39:32]} {[%emt
00:06:35]} 12. Rc1 {[%clk 00:31:07]} {[%emt 00:05:54]} Rad8 {[%clk 00:38:34]}
{[%emt 00:01:27]} 13. cxd5 {[%clk 00:23:42]} {[%emt 00:07:56]} exd5 {[%clk
00:36:54]} {[%emt 00:02:08]} 14. Qe2 {[%clk 00:16:24]} {[%emt 00:07:49]} Ne4
{[%clk 00:28:19]} {[%emt 00:09:05]} 15. Nxe4 {[%clk 00:14:17]} {[%emt
00:02:38]} dxe4 {[%clk 00:28:14]} {[%emt 00:00:34]} 16. Nd2 {[%clk 00:14:32]}
{[%emt 00:00:14]} Nb4 {[%clk 00:23:05]} {[%emt 00:05:40]} 17. Ba3 {[%clk
00:14:25]} {[%emt 00:00:38]} c5 {[%clk 00:21:59]} {[%emt 00:01:36]} 18. Bxb4
{[%clk 00:13:40]} {[%emt 00:01:15]} cxb4 {[%clk 00:22:13]} {[%emt 00:00:15]}
19. Bh3 {[%clk 00:13:29]} {[%emt 00:00:37]} f5 {[%clk 00:18:07]} {[%emt
00:04:40]} 20. Qc4+ {[%clk 00:12:52]} {[%emt 00:01:08]} Bd5 {[%clk 00:17:54]}
{[%emt 00:00:43]} 21. Qe2 {[%clk 00:11:08]} {[%emt 00:02:07]} Rc8 {[%clk
00:16:28]} {[%emt 00:02:01]} 22. Kg2 {[%clk 00:10:24]} {[%emt 00:01:15]} Rc3
{[%clk 00:05:53]} {[%emt 00:11:05]} 23. Qb5 {[%clk 00:03:41]} {[%emt 00:07:14]}
Bc6 {[%clk 00:04:59]} {[%emt 00:01:23]} 24. Qe2 {[%clk 00:04:09]} {[%emt
00:00:01]} Rc8 {[%clk 00:03:50]} {[%emt 00:01:40]} 25. Rxc3 {[%clk 00:03:17]}
{[%emt 00:01:22]} bxc3 {[%clk 00:03:44]} {[%emt 00:00:36]} 26. Qc4+ {[%clk
00:03:36]} {[%emt 00:00:10]} Kh8 {[%clk 00:03:04]} {[%emt 00:01:10]} 27. Qxc3
{[%clk 00:03:59]} {[%emt 00:00:07]} Bb7 {[%clk 00:03:13]} {[%emt 00:00:21]} 28.
Qb2 {[%clk 00:04:23]} {[%emt 00:00:07]} Qc7 {[%clk 00:01:08]} {[%emt 00:02:34]}
29. Nc4 {[%clk 00:03:47]} {[%emt 00:01:06]} b5 {[%clk 00:01:06]} {[%emt
00:00:33]} 30. Ne5 {[%clk 00:04:12]} {[%emt 00:00:04]} Qc3 {[%clk 00:00:52]}
{[%emt 00:00:44]} 31. Qxc3 Rxc3 {[%clk 00:01:21]} 32. Nf7+ {[%clk 00:04:15]}
{[%emt 00:00:15]} Kg8 {[%clk 00:01:37]} {[%emt 00:00:14]} 33. Nd6 {[%clk
00:04:43]} {[%emt 00:00:02]} Bc6 {[%clk 00:01:31]} {[%emt 00:00:37]} 34. Nc8
{[%clk 00:04:11]} {[%emt 00:01:01]} Kf7 {[%clk 00:00:47]} {[%emt 00:01:14]} 35.
d5 {[%clk 00:04:09]} {[%emt 00:00:32]} Bd7 {[%clk 00:00:43]} {[%emt 00:00:34]}
36. Nd6+ {[%clk 00:03:50]} {[%emt 00:00:46]} Ke7 {[%clk 00:00:55]} {[%emt
00:00:21]} 37. Nb7 {[%clk 00:03:57]} {[%emt 00:00:23]} Be5 {[%clk 00:00:49]}
{[%emt 00:00:36]} 38. Rd1 {[%clk 00:03:50]} {[%emt 00:00:35]} Bc8 {[%clk
00:00:40]} {[%emt 00:00:41]} 39. Na5 {[%clk 00:03:58]} {[%emt 00:00:22]} Kd6
{[%clk 00:00:38]} {[%emt 00:00:32]} 40. Nc6 {[%clk 00:03:29]} {[%emt 00:00:59]}
a6 {[%clk 00:00:39]} {[%emt 00:00:29]} 41. Kg1 {[%clk 00:23:56]} {[%emt
00:10:53]} Rd3 {[%clk 00:24:05]} {[%emt 00:07:05]} 42. Rc1 {[%clk 00:22:55]}
{[%emt 00:01:32]} Bb2 {[%clk 00:21:03]} {[%emt 00:03:32]} 43. Rc2 {[%clk
00:22:58]} {[%emt 00:00:27]} Rd1+ {[%clk 00:20:48]} {[%emt 00:00:45]} 44. Bf1
{[%clk 00:23:04]} {[%emt 00:00:24]} f4 {[%clk 00:17:43]} {[%emt 00:03:36]} 45.
h4 {[%clk 00:19:51]} {[%emt 00:03:43]} Bg7 {[%clk 00:15:50]} {[%emt 00:02:23]}
46. gxf4 {[%clk 00:16:23]} {[%emt 00:03:58]} Bh3 {[%clk 00:15:25]} {[%emt
00:00:54]} 47. Kh2 {[%clk 00:16:47]} {[%emt 00:00:06]} Bxf1 {[%clk 00:15:29]}
{[%emt 00:00:27]} 48. Nb4 {[%clk 00:17:04]} {[%emt 00:00:11]} a5 {[%clk
00:15:01]} {[%emt 00:00:59]} 49. Rc6+ {[%clk 00:17:19]} {[%emt 00:00:15]} Kd7
{[%clk 00:13:45]} {[%emt 00:01:45]} 50. Na6 {[%clk 00:17:45]} {[%emt 00:00:06]}
Bf8 {[%clk 00:07:54]} {[%emt 00:06:20]} 51. Rc7+ {[%clk 00:16:56]} {[%emt
00:01:20]} Kd6 {[%clk 00:07:36]} {[%emt 00:00:47]} 52. Rc8 {[%clk 00:17:19]}
{[%emt 00:00:07]} Be7 {[%clk 00:05:53]} {[%emt 00:02:13]} 53. Rh8 {[%clk
00:16:21]} {[%emt 00:01:28]} Bxh4 {[%clk 00:02:23]} {[%emt 00:04:00]} 54. Rxh7
{[%clk 00:16:45]} {[%emt 00:00:07]} Bxf2 {[%clk 00:02:25]} {[%emt 00:00:28]}
0-1